[Event "Roncana op-B 11th"]
[Site "Santa Eulalia de Roncana"]
[Date "2017.10.21"]
[Round "4.10"]
[White "Mostazo Torrubia, Rafael"]
[Black "Viaplana Puigdomenech, Santi"]
[Result "0-1"]
[WhiteElo "1408"]
[BlackElo "1530"]
[PlyCount "206"]
[EventDate "2017.09.23"]
[EventType "swiss"]
[EventRounds "8"]
[EventCountry "ESP"]
[SourceTitle "EXT 2024"]
[Source "ChessBase"]
[SourceDate "2023.10.10"]
[SourceVersion "1"]
[SourceVersionDate "2023.10.10"]
[SourceQuality "1"]

1. e4 e6 2. d4 d5 3. Nd2 c5 4. c3 Nc6 5. Ngf3 c4 6. g3 Nf6 7. e5 Nd7 8. Bh3 Be7 9. 0-0 0-0 10. Re1 b5 11. a3 a5 12. Nf1 Bb7 13. Bd2 b4 14. axb4 axb4 15. Rxa8 Qxa8 16. Qe2 bxc3 17. bxc3 Qd8 18. Ra1 Na5 19. Be1 Nb3 20. Rb1 Qa8 21. Qd1 Bc6 22. N1d2 Ba4 23. Qe2 Qc6 24. Bg2 Qc7 25. Nxb3 Bxb3 26. Ra1 Nb6 27. Nd2 Ba4 28. Nb1 Rb8 29. Bf3 Bb3 30. Qd2 Ra8 31. Rxa8+ Nxa8 32. Bd1 Qb6 33. Qc1 Nc7 34. Bxb3 Qxb3 35. Nd2 Qb8 36. Qa1 h6 37. f4 f5 38. exf6 Bxf6 39. Nf3 Ne8 40. Ne5 Bxe5 41. fxe5 Nc7 42. Qd1 Qb3 43. Qa1 Qb7 44. h4 Kh7 45. g4 g6 46. Qc1 Ne8 47. Qc2 Qf7 48. h5 Ng7 49. Bh4 Kg8 50. hxg6 Qf4 51. Qd1 Qe3+ 52. Kg2 Qxc3 53. Bf2 Qb3 54. Qa1 Qb7 55. Qa5 Qb8 56. Qc5 Qf8 57. Be3 Qa8 58. Qc7 Qf8 59. Bxh6 Kh8 60. Bg5 Kg8 61. Bf6 Kh8 62. Qf7 Qg8 63. Bxg7+ Qxg7 64. Qf6 c3 65. Qh4+ Kg8 66. Qg5 c2 67. Kg3 c1Q 68. Qxc1 Qxg6 69. Qe3 Kg7 70. Qf4 Qd3+ 71. Kf2 Qc2+ 72. Ke1 Qb1+ 73. Kf2 Qc2+ 74. Kg3 Qd3+ 75. Kh2 Qc2+ 76. Kh3 Qd3+ 77. Kh4 Qh7+ 78. Kg3 Qd3+ 79. Kf2 Qc2+ 80. Ke1 Qb1+ 81. Kd2 Qg6 82. Ke3 Kg8 83. g5 Kh7 84. Qh4+ Kg7 85. Qh6+ Kf7 86. Qxg6+ Kxg6 87. Kf4 Kh5 88. Ke3 Kxg5 89. Kd3 Kf5 90. Kd2 Ke4 91. Kc3 Ke3 92. Kc2 Kxd4 93. Kd2 Kxe5 94. Ke3 Kd6 95. Kd4 e5+ 96. Ke3 Kc5 97. Kd3 e4+ 98. Ke3 Kc4 99. Kd2 d4 100. Kc2 e3 101. Kd1 Kc3 102. Ke2 Kc2 103. Ke1 d3 0-1

[Event "Llinars del Valles op 11th B"]
[Site "Llinars del Valles"]
[Date "2017.05.13"]
[Round "4.13"]
[White "Mostazo Torrubia, Rafael"]
[Black "Martin Capitan, Jesus C"]
[Result "0-1"]
[WhiteElo "1444"]
[BlackElo "1681"]
[PlyCount "102"]
[EventDate "2017.04.22"]
[EventType "swiss"]
[EventRounds "9"]
[EventCountry "ESP"]
[SourceTitle "EXT 2024"]
[Source "ChessBase"]
[SourceDate "2023.10.10"]
[SourceVersion "1"]
[SourceVersionDate "2023.10.10"]
[SourceQuality "1"]

1. e4 c5 2. Nc3 g6 3. d4 cxd4 4. Qxd4 Nf6 5. Nd5 Bg7 6. Nxf6+ Bxf6 7. Qd1 0-0 8. Nf3 Nc6 9. c3 Qa5 10. Bd2 Rd8 11. Bd3 Qc7 12. Qc2 Ne5 13. Be2 d5 14. Nxe5 Qxe5 15. f4 Qxe4 16. Qxe4 dxe4 17. 0-0-0 Be6 18. Kb1 Rd6 19. Be3 Rad8 20. Rxd6 Rxd6 21. Rd1 Rxd1+ 22. Bxd1 a6 23. g3 Bd5 24. Bd4 Kg7 25. g4 Bxd4 26. cxd4 Kf6 27. h4 Ke6 28. Be2 b5 29. b3 Bc6 30. Kb2 Kd5 31. Kc3 a5 32. a3 b4+ 33. axb4 axb4+ 34. Kxb4 Kxd4 35. f5 Ke3 36. Bc4 gxf5 37. gxf5 Kd2 38. Bxf7 e3 39. Bh5 e2 40. Bxe2 Kxe2 41. Kc5 Be4 42. b4 Bxf5 43. Kd5 Kf3 44. Ke5 Kg4 45. h5 Bc8 46. Kd5 Kxh5 47. Kc6 Kg5 48. b5 Bg4 49. b6 h5 50. Kc7 Bf3 51. Kd7 h4 0-1

[Event "Roncana op-B 10th"]
[Site "Santa Eulalia de Roncana"]
[Date "2016.10.15"]
[Round "4"]
[White "Espada Espanol, Tura"]
[Black "Mostazo Torrubia, Rafael"]
[Result "0-1"]
[WhiteElo "1727"]
[BlackElo "1525"]
[PlyCount "90"]
[EventDate "2016.09.24"]
[EventType "swiss"]
[EventRounds "8"]
[EventCountry "ESP"]
[SourceTitle "EXT 2018"]
[Source "ChessBase"]
[SourceDate "2017.10.13"]
[SourceVersion "1"]
[SourceVersionDate "2017.10.13"]
[SourceQuality "1"]

1. e4 g6 2. Nf3 Bg7 3. Bc4 e6 4. Nc3 Nc6 5. d3 Na5 6. Bf4 Nxc4 7. dxc4 a6 8. Qd2 d6 9. 0-0-0 e5 10. Bxe5 f6 11. Bg3 Ne7 12. h4 Bg4 13. Qf4 h5 14. Rhe1 Bh6 15. Ng5 fxg5 16. hxg5 Rf8 17. Qe3 Bxd1 18. Rxd1 Bg7 19. e5 Nf5 20. Qe1 Qxg5+ 21. Kb1 0-0-0 22. Ne4 Qe7 23. Qb4 Bxe5 24. Rd5 Bxg3 25. c5 Be5 26. a3 c6 27. cxd6 Bxd6 28. Qc3 Qxe4 29. Ra5 Bc7 30. Rc5 Rd1+ 31. Ka2 Qe6+ 32. b3 Rfd8 33. Kb2 R1d2 34. Rc4 Be5 35. a4 Bxc3+ 36. Rxc3 Qe5 37. a5 R8d5 38. b4 Nd6 39. Kb3 Rxf2 40. g3 Qe6 41. Ka4 Nb5 42. Rb3 Rxc2 43. Rf3 Rf5 44. Rd3 Qa2+ 45. Ra3 Qxa3# 0-1

[Event "Roncana op-B 10th"]
[Site "Santa Eulalia de Roncana"]
[Date "2016.10.08"]
[Round "3"]
[White "Mostazo Torrubia, Rafael"]
[Black "Lopez Nadal, Alex"]
[Result "0-1"]
[WhiteElo "1525"]
[BlackElo "1161"]
[PlyCount "106"]
[EventDate "2016.09.24"]
[EventType "swiss"]
[EventRounds "8"]
[EventCountry "ESP"]
[SourceTitle "EXT 2018"]
[Source "ChessBase"]
[SourceDate "2017.10.13"]
[SourceVersion "1"]
[SourceVersionDate "2017.10.13"]
[SourceQuality "1"]

1. e4 c5 2. Nc3 Nc6 3. Nf3 g6 4. d4 cxd4 5. Nxd4 Bg7 6. Be3 Nf6 7. Nf3 0-0 8. Be2 Qa5 9. 0-0 Qb4 10. Rb1 Nxe4 11. a3 Nxc3 12. axb4 Nxd1 13. Rfxd1 Nxb4 14. c3 Nc6 15. Rd2 d6 16. h3 Be6 17. Re1 a5 18. Nd4 Nxd4 19. Bxd4 Bxd4 20. Rxd4 Rfc8 21. Bf3 Ra7 22. g4 a4 23. Rb4 Rc7 24. Re3 Bc8 25. Ree4 a3 26. bxa3 Rxc3 27. Kg2 Kf8 28. Ra4 Rxa3 29. Rab4 d5 30. Red4 e6 31. Be2 Bd7 32. Rb2 Ra2 33. Rdb4 Rxb2 34. Rxb2 Bc6 35. Kg3 Ke7 36. h4 Ra3+ 37. Kf4 f6 38. f3 e5+ 39. Kg3 d4 40. Kf2 Kd6 41. Rd2 Kc5 42. Rc2+ Rc3 43. Rd2 b5 44. Bd1 b4 45. Ra2 b3 46. Rd2 Kb4 47. f4 Ka3 48. fxe5 fxe5 49. Ke1 b2 50. Bc2 Rxc2 51. Rxc2 b1Q+ 52. Kd2 Ba4 53. Rc5 Qd1# 0-1

[Event "Roncana op-B 10th"]
[Site "Santa Eulalia de Roncana"]
[Date "2016.09.24"]
[Round "1"]
[White "Mostazo Torrubia, Rafael"]
[Black "Olive Torras, Ricard"]
[Result "1-0"]
[WhiteElo "1525"]
[BlackElo "1812"]
[PlyCount "103"]
[EventDate "2016.09.24"]
[EventType "swiss"]
[EventRounds "8"]
[EventCountry "ESP"]
[SourceTitle "EXT 2018"]
[Source "ChessBase"]
[SourceDate "2017.10.13"]
[SourceVersion "1"]
[SourceVersionDate "2017.10.13"]
[SourceQuality "1"]

1. e4 c5 2. Nc3 Nc6 3. Nf3 g6 4. d4 cxd4 5. Nxd4 Nf6 6. Be3 Bg7 7. Be2 0-0 8. 0-0 Nxd4 9. Bxd4 d5 10. exd5 Nxd5 11. Bxg7 Kxg7 12. Qxd5 Qc7 13. Rfd1 Bf5 14. Qd4+ e5 15. Qc4 Qxc4 16. Bxc4 Bxc2 17. Rdc1 Bf5 18. f3 Rac8 19. Bd5 b6 20. Be4 Be6 21. Bd5 Bf5 22. g4 Bd3 23. Be4 Rfd8 24. Kf2 Bxe4 25. Nxe4 f5 26. Rxc8 Rxc8 27. Nc3 Rd8 28. Re1 Kf6 29. h3 Rd2+ 30. Re2 Rd3 31. Rc2 Kg5 32. Kg3 fxg4 33. Ne4+ Kf5 34. hxg4+ Ke6 35. Ng5+ Kd5 36. Nxh7 Kd4 37. Ng5 a6 38. Re2 Re3 39. Kf2 Rd3 40. Ne4 b5 41. Rd2 Rxd2+ 42. Nxd2 a5 43. a3 g5 44. Ne4 Kc4 45. Nxg5 Kb3 46. Ne4 Kxb2 47. g5 Kxa3 48. g6 b4 49. g7 b3 50. g8Q b2 51. Nd2 Kb4 52. Ke3 1-0

[Event "Llinars del Valles op-B 10th"]
[Site "Llinars del Valles"]
[Date "2016.05.28"]
[Round "8"]
[White "Diaz Doblas, Juan"]
[Black "Mostazo Torrubia, Rafael"]
[Result "1/2-1/2"]
[WhiteElo "1701"]
[BlackElo "1520"]
[PlyCount "64"]
[EventDate "2016.04.02"]
[EventType "swiss"]
[EventRounds "9"]
[EventCountry "ESP"]
[SourceTitle "CBM 172 Extra"]
[Source "ChessBase"]
[SourceDate "2016.06.21"]
[SourceVersion "1"]
[SourceVersionDate "2016.06.21"]
[SourceQuality "1"]

1. e4 e5 2. d4 exd4 3. Qxd4 Nc6 4. Qd1 Nf6 5. Nc3 Bb4 6. Bd3 Ne5 7. Nf3 d6 8. h3 Be6 9. 0-0 Qd7 10. Nxe5 dxe5 11. Bb5 c6 12. Qxd7+ Kxd7 13. Bd3 Rad8 14. Be3 Kc7 15. a3 Ba5 16. Bxa7 Bxc3 17. bxc3 b6 18. Rab1 b5 19. Be3 Ra8 20. Ra1 Ra4 21. f3 Nh5 22. Rfb1 Rha8 23. Bc1 Nf6 24. Rb4 Ne8 25. Rxa4 Rxa4 26. Bb2 Nd6 27. Kf2 Bc4 28. Ke3 f6 29. Kd2 Ra8 30. Ke2 Ra4 31. Kd2 Ra8 32. Ke2 Ra4 1/2-1/2

[Event "Roncana op-B 8th"]
[Site "Santa Eulalia de Roncana"]
[Date "2014.10.11"]
[Round "1"]
[White "Mostazo Torrubia, Rafael"]
[Black "Valls Matheu, Albert"]
[Result "1-0"]
[WhiteElo "1781"]
[BlackElo "1700"]
[PlyCount "69"]
[EventDate "2014.10.11"]
[EventType "swiss"]
[EventRounds "8"]
[EventCountry "ESP"]
[SourceTitle "EXT 2016"]
[Source "ChessBase"]
[SourceDate "2015.10.08"]
[SourceVersion "1"]
[SourceVersionDate "2015.10.08"]
[SourceQuality "1"]

1. e4 e5 2. Nf3 Nc6 3. a3 Bc5 4. c3 a6 5. Bc4 d6 6. d3 h6 7. Be3 Qf6 8. 0-0 Bg4 9. Nbd2 Nge7 10. h3 Bh5 11. Qe1 b5 12. Ba2 0-0 13. b4 Ba7 14. Rc1 d5 15. exd5 Nxd5 16. Bxd5 Rad8 17. Bxc6 Qxc6 18. Bxa7 Rxd3 19. Nxe5 Qd5 20. Nxd3 Qxd3 21. Qe3 Qg6 22. Rfe1 f6 23. Bc5 Rd8 24. Nf1 Rd3 25. Qe8+ Qxe8 26. Rxe8+ Bxe8 27. Ne3 g6 28. Ng4 Kg7 29. Bd4 Bc6 30. Re1 h5 31. Nxf6 Kh6 32. h4 g5 33. hxg5+ Kxg5 34. Re5+ Kxf6 35. Re3+ 1-0

[Event "Llinars del Valles op-B 8th"]
[Site "Llinars del Valles"]
[Date "2014.06.14"]
[Round "7"]
[White "Sentis Baena, Samuel"]
[Black "Mostazo Torrubia, Rafael"]
[Result "0-1"]
[WhiteElo "1700"]
[BlackElo "1794"]
[PlyCount "56"]
[EventDate "2014.04.26"]
[EventType "swiss"]
[EventRounds "8"]
[EventCountry "ESP"]
[SourceTitle "EXT 2015"]
[Source "ChessBase"]
[SourceDate "2014.11.20"]
[SourceVersion "1"]
[SourceVersionDate "2014.11.20"]
[SourceQuality "1"]

1. e4 d5 2. exd5 Nf6 3. Nc3 Nxd5 4. Bc4 Nxc3 5. bxc3 e6 6. Bb2 Bd6 7. Qf3 Nc6 8. d4 0-0 9. Ne2 Ne7 10. Bd3 c6 11. Qh3 Nf5 12. g4 Nh6 13. Rg1 e5 14. Bc1 f5 15. Bxh6 gxh6 16. Qxh6 Kh8 17. Rg3 e4 18. Rh3 Qe7 19. Bc4 fxg4 20. Rh5 Bd7 21. Ng3 Rf6 22. Qg5 Raf8 23. Qe3 Rf3 24. Qe2 R3f4 25. Kf1 e3 26. Kg2 Rxf2+ 27. Kg1 Rxe2 28. Nxe2 Rf5 0-1

[Event "Llinars del Valles op-B 8th"]
[Site "Llinars del Valles"]
[Date "2014.05.17"]
[Round "4"]
[White "Mostazo Torrubia, Rafael"]
[Black "Torres Camps, Aleix"]
[Result "0-1"]
[WhiteElo "1794"]
[BlackElo "1840"]
[PlyCount "92"]
[EventDate "2014.04.26"]
[EventType "swiss"]
[EventRounds "8"]
[EventCountry "ESP"]
[SourceTitle "EXT 2015"]
[Source "ChessBase"]
[SourceDate "2014.11.20"]
[SourceVersion "1"]
[SourceVersionDate "2014.11.20"]
[SourceQuality "1"]

1. e4 c6 2. Nc3 d5 3. exd5 cxd5 4. d4 Bf5 5. Bd3 Bxd3 6. Qxd3 e6 7. Nf3 Nc6 8. a3 Nf6 9. 0-0 Qc7 10. Re1 Be7 11. Ne5 0-0 12. f4 Nd7 13. Nb5 Ndxe5 14. fxe5 Qb6 15. Kh1 a6 16. Nc3 Qxd4 17. Qg3 Bh4 18. Qe3 Bxe1 19. Qxe1 Qxe5 20. Bd2 Qxe1+ 21. Bxe1 Rfe8 22. Rc1 Rad8 23. Na4 e5 24. Nc5 Re7 25. a4 e4 26. b4 d4 27. b5 axb5 28. axb5 Na7 29. Rb1 Rd5 30. Bg3 Rxc5 31. Bd6 Rce5 32. Ra1 e3 33. Rxa7 f6 34. Ra1 Kf7 35. Re1 Rxb5 36. Bxe7 Kxe7 37. h3 Rc5 38. Re2 Kd6 39. g4 Kd5 40. Kg2 Ke4 41. Kg3 Rc3 42. Kg2 d3 43. cxd3+ Rxd3 44. Kf1 Rd1+ 45. Kg2 Rd2 46. Kf1 Rxe2 0-1

[Event "Llinars del Valles op-B 8th"]
[Site "Llinars del Valles"]
[Date "2014.05.10"]
[Round "3"]
[White "Hernando Rodrigo, Lourdes"]
[Black "Mostazo Torrubia, Rafael"]
[Result "1/2-1/2"]
[WhiteElo "1909"]
[BlackElo "1794"]
[PlyCount "129"]
[EventDate "2014.04.26"]
[EventType "swiss"]
[EventRounds "8"]
[EventCountry "ESP"]
[SourceTitle "EXT 2015"]
[Source "ChessBase"]
[SourceDate "2014.11.20"]
[SourceVersion "1"]
[SourceVersionDate "2014.11.20"]
[SourceQuality "1"]

1. d4 e5 2. dxe5 Nc6 3. Nf3 Qe7 4. e3 Nxe5 5. Nxe5 Qxe5 6. Nd2 Nf6 7. Bd3 d5 8. h3 Bd6 9. Nf3 Qe7 10. 0-0 0-0 11. Re1 Ne4 12. c4 c6 13. cxd5 cxd5 14. Qc2 Bf5 15. Rd1 Rfc8 16. Qe2 Bg6 17. Bb1 Rc5 18. Bd2 Rac8 19. Bb4 Rc1 20. Bxd6 Qxd6 21. Bd3 R1c5 22. Nh4 Qf6 23. Nxg6 hxg6 24. Qe1 Qxb2 25. Rdb1 Qd2 26. Qxd2 Nxd2 27. Rxb7 R8c7 28. Rxc7 Rxc7 29. Rd1 Ne4 30. Bf1 Nf6 31. g4 g5 32. Bg2 Rc5 33. Kf1 a5 34. Ke2 Ne4 35. Bxe4 dxe4 36. Rd4 Re5 37. Kd1 g6 38. Kc2 Kg7 39. Rd2 f5 40. Kb3 f4 41. Kc4 Kf6 42. Rd6+ Kf7 43. Rd5 Ke6 44. Rxe5+ Kxe5 45. a4 Kd6 46. Kb5 Kd5 47. Kxa5 Kc4 48. Kb6 Kd3 49. a5 fxe3 50. fxe3 Kxe3 51. a6 Kf2 52. a7 e3 53. a8Q e2 54. Qf8+ Kg3 55. Qd6+ Kg2 56. Qe5 Kf1 57. Qf6+ Kg2 58. Qc6+ Kf2 59. Qc5+ Kf1 60. Qf8+ Kg2 61. Qe8 Kf1 62. Qf7+ Kg2 63. Qd5+ Kf2 64. Qf7+ Kg2 65. Qe7 1/2-1/2

[Event "Llinars del Valles op-B 8th"]
[Site "Llinars del Valles"]
[Date "2014.05.03"]
[Round "2"]
[White "Mostazo Torrubia, Rafael"]
[Black "Herrera Grande, Placid"]
[Result "1-0"]
[WhiteElo "1794"]
[BlackElo "1700"]
[PlyCount "25"]
[EventDate "2014.04.26"]
[EventType "swiss"]
[EventRounds "8"]
[EventCountry "ESP"]
[SourceTitle "EXT 2015"]
[Source "ChessBase"]
[SourceDate "2014.11.20"]
[SourceVersion "1"]
[SourceVersionDate "2014.11.20"]
[SourceQuality "1"]

1. Nf3 d5 2. d4 Nf6 3. g3 Nc6 4. Bg2 Bf5 5. Nh4 e6 6. Nxf5 exf5 7. 0-0 Bd6 8. Nc3 Be7 9. a3 0-0 10. Bf4 a6 11. e3 b5 12. Qf3 b4 13. Nxd5 1-0

[Event "Roncana op-B 7th"]
[Site "Santa Eulalia de Roncana"]
[Date "2013.11.09"]
[Round "5"]
[White "Mostazo Torrubia, Rafael"]
[Black "Bosch Ricart, Joan"]
[Result "1/2-1/2"]
[WhiteElo "1508"]
[BlackElo "1689"]
[PlyCount "88"]
[EventDate "2013.10.05"]
[EventType "swiss"]
[EventRounds "8"]
[EventCountry "ESP"]
[SourceTitle "EXT 2015"]
[Source "ChessBase"]
[SourceDate "2014.11.20"]
[SourceVersion "1"]
[SourceVersionDate "2014.11.20"]
[SourceQuality "1"]

1. e4 e6 2. d4 d5 3. e5 c5 4. c3 cxd4 5. cxd4 Nc6 6. Nf3 Bb4+ 7. Nc3 Nge7 8. Bd3 a6 9. Bd2 Bd7 10. a3 Ba5 11. b4 Bb6 12. Be3 Rc8 13. Rc1 Na7 14. 0-0 Nb5 15. Qb3 Nxc3 16. Rxc3 Rxc3 17. Qxc3 0-0 18. Qc2 Ng6 19. Re1 Qe8 20. Qb2 Bc6 21. Rc1 Qd7 22. g4 Ne7 23. h3 Rc8 24. Qb1 g6 25. Bg5 Bb5 26. Rxc8+ Nxc8 27. Qc2 Qc6 28. Kg2 Qxc2 29. Bxc2 Be2 30. Be3 Ne7 31. Ng1 Bc4 32. Nf3 Nc6 33. h4 Be2 34. Kg3 Bxf3 35. Kxf3 Nxd4+ 36. Bxd4 Bxd4 37. Bd3 Bxe5 38. a4 Bd6 39. b5 axb5 40. Bxb5 b6 41. g5 Kg7 42. Kg4 f6 43. f4 h6 44. Bc6 hxg5 1/2-1/2

[Event "Llinars del Valles op-B 7th"]
[Site "Llinars del Valles"]
[Date "2013.05.25"]
[Round "6"]
[White "Mostazo Torrubia, Rafael"]
[Black "Capallera Guirado, Ferran"]
[Result "1-0"]
[WhiteElo "1511"]
[BlackElo "1578"]
[PlyCount "115"]
[EventDate "2013.04.13"]
[EventType "swiss"]
[EventRounds "7"]
[EventCountry "ESP"]
[SourceTitle "CBM 154 Extra"]
[Source "ChessBase"]
[SourceDate "2013.06.25"]
[SourceVersion "2"]
[SourceVersionDate "2013.06.25"]
[SourceQuality "1"]

1. f4 e5 2. fxe5 d6 3. Nf3 dxe5 4. e4 Nc6 5. d3 Bg4 6. Be2 Bc5 7. Nbd2 Qe7 8. Nc4 0-0-0 9. Be3 Nf6 10. 0-0 Nxe4 11. Qe1 Nf6 12. Qf2 Nd4 13. Bd1 Bxf3 14. Bxf3 Nxf3+ 15. Qxf3 Nd5 16. Kh1 Rhf8 17. Bxc5 Qxc5 18. Rac1 f6 19. a3 Kb8 20. Rfe1 Ne7 21. Re4 Rd4 22. Rce1 Rfd8 23. Ne3 f5 24. Nxf5 Nxf5 25. Qxf5 Qxc2 26. Rxd4 exd4 27. Qe4 Qxb2 28. h3 a6 29. Qe7 Rd6 30. Qxg7 Qxa3 31. Qxh7 Qc3 32. Qe4 a5 33. Rf1 a4 34. Qe8+ Ka7 35. Qxa4+ Ra6 36. Qc4 Qxc4 37. dxc4 Ra4 38. c5 Rc4 39. Rd1 Ka6 40. Rd3 Kb5 41. Rb3+ Rb4 42. Rf3 Kxc5 43. g4 Kc4 44. g5 d3 45. Rf7 c5 46. g6 d2 47. Rd7 Rb1+ 48. Kg2 d1Q 49. Rxd1 Rxd1 50. h4 b5 51. g7 Rd8 52. h5 b4 53. h6 Rd2+ 54. Kf1 Kc3 55. g8Q b3 56. h7 b2 57. h8Q+ Kc2 58. Qc4+ 1-0

[Event "Llinars del Valles op-B 7th"]
[Site "Llinars del Valles"]
[Date "2013.05.18"]
[Round "5"]
[White "Gonzalez Rodriguez, Damian"]
[Black "Mostazo Torrubia, Rafael"]
[Result "1/2-1/2"]
[WhiteElo "1703"]
[BlackElo "1511"]
[PlyCount "148"]
[EventDate "2013.04.13"]
[EventType "swiss"]
[EventRounds "7"]
[EventCountry "ESP"]
[SourceTitle "CBM 154 Extra"]
[Source "ChessBase"]
[SourceDate "2013.06.25"]
[SourceVersion "2"]
[SourceVersionDate "2013.06.25"]
[SourceQuality "1"]

1. d4 e5 2. dxe5 Nc6 3. Nf3 Qe7 4. Bg5 f6 5. Bh4 Nxe5 6. Nxe5 Qxe5 7. Bg3 Qxb2 8. Nd2 Bb4 9. Qc1 Bxd2+ 10. Kxd2 Qd4+ 11. Ke1 Qc3+ 12. Kd1 d6 13. Rb1 Ne7 14. Rb3 Qd4+ 15. Ke1 Qc5 16. e3 a6 17. Bd3 0-0 18. Ke2 Nd5 19. Qd2 b5 20. e4 Ne7 21. f3 Be6 22. Bf2 Qg5 23. Qxg5 fxg5 24. Rb2 Ng6 25. g3 c5 26. c3 Ne5 27. Rd1 Nxd3 28. Kxd3 Rxf3+ 29. Ke2 Raf8 30. Ke1 Rxc3 31. Rxd6 Bc4 32. Bxc5 Re8 33. Rf2 a5 34. Bd4 Rd3 35. e5 Ra3 36. Rd7 Be6 37. Bc5 Rxa2 38. Rxa2 Bxa2 39. Bd6 Be6 40. Re7 Rxe7 41. Bxe7 h6 42. Bd8 a4 43. Be7 Kf7 44. Bd6 g4 45. Kf2 g6 46. Ke3 g5 47. Kd4 Kg6 48. Ke4 Bc4 49. Bc5 Kf7 50. Kf5 Be6+ 51. Ke4 Kg6 52. Bb4 h5 53. Bc5 h4 54. Bb4 Bc4 55. Bc5 Bb3 56. Bb4 Kf7 57. Kd4 Ke6 58. Ba3 Kf5 59. Bb4 Ke6 60. Ba3 Kd7 61. Kc5 Ke6 62. Kd4 Kf5 63. Bb4 Bd1 64. Ba3 Ke6 65. Bb4 Kd7 66. Kc5 Bf3 67. Ba3 Kc7 68. Kxb5 Bd1 69. Kc5 Kd7 70. Bb4 Ke6 71. Kd4 Bb3 72. Ba3 Kf5 73. Bb4 Ke6 74. Ba3 Kd7 1/2-1/2

[Event "Llinars del Valles op-B 7th"]
[Site "Llinars del Valles"]
[Date "2013.05.04"]
[Round "4"]
[White "Mostazo Torrubia, Rafael"]
[Black "Serrano Moron, Eloi"]
[Result "1/2-1/2"]
[WhiteElo "1511"]
[BlackElo "1615"]
[PlyCount "77"]
[EventDate "2013.04.13"]
[EventType "swiss"]
[EventRounds "7"]
[EventCountry "ESP"]
[SourceTitle "CBM 154 Extra"]
[Source "ChessBase"]
[SourceDate "2013.06.25"]
[SourceVersion "2"]
[SourceVersionDate "2013.06.25"]
[SourceQuality "1"]

1. f4 Nf6 2. Nf3 g6 3. e3 Bg7 4. Be2 d6 5. 0-0 0-0 6. Nc3 Re8 7. Rb1 e5 8. fxe5 dxe5 9. e4 c6 10. d3 Qb6+ 11. d4 exd4 12. Qxd4 Qxd4+ 13. Nxd4 Nxe4 14. Rd1 Nd7 15. Kf1 Ndf6 16. Nxe4 Nxe4 17. c3 Nf6 18. Re1 Bg4 19. Bf4 Bxe2+ 20. Rxe2 Rxe2 21. Kxe2 Re8+ 22. Kf1 Nd5 23. Bd2 Bxd4 24. cxd4 f5 25. Re1 Re4 26. Rxe4 fxe4 27. Kf2 Kf7 28. h4 Ke6 29. g4 h5 30. Kg3 e3 31. Be1 Nf6 32. gxh5 gxh5 33. Kf3 Nd5 34. Ke4 Kf6 35. a3 Ke6 36. Bg3 Nb6 37. b3 Nd5 38. Be1 Kf6 39. Bg3 1/2-1/2

[Event "Vall del Tenes op 2nd"]
[Site "Vall del Tenes"]
[Date "2013.04.19"]
[Round "3"]
[White "Rodriguez Martinez, Juan P"]
[Black "Mostazo Torrubia, Rafael"]
[Result "1-0"]
[WhiteElo "1946"]
[BlackElo "1511"]
[PlyCount "55"]
[EventDate "2013.04.05"]
[EventType "swiss"]
[EventRounds "8"]
[EventCountry "ESP"]
[SourceTitle "EXT 2014"]
[Source "ChessBase"]
[SourceDate "2013.11.20"]
[SourceVersion "1"]
[SourceVersionDate "2013.11.20"]
[SourceQuality "1"]

1. e4 d5 2. exd5 Nf6 3. d4 Nxd5 4. c4 Nb6 5. Nf3 Bg4 6. Be2 c6 7. b3 e6 8. 0-0 Be7 9. Bb2 Bf6 10. Nbd2 Bf5 11. Qc1 N8d7 12. Rd1 Qc7 13. Nf1 0-0-0 14. a4 Kb8 15. b4 h5 16. Ne3 Be4 17. Nd2 Bg6 18. Bf3 e5 19. a5 Nc8 20. Nb3 Ne7 21. d5 cxd5 22. Nxd5 Nxd5 23. Bxd5 b6 24. axb6 Nxb6 25. Nc5 Qxc5 26. bxc5 Nd7 27. Qc3 Nxc5 28. Qb4+ 1-0

[Event "Roncana op-B 6th"]
[Site "Santa Eulalia de Roncana"]
[Date "2012.12.01"]
[Round "8"]
[White "Mostazo Torrubia, Rafael"]
[Black "Sanchez Viana, Jordi"]
[Result "1/2-1/2"]
[WhiteElo "1516"]
[BlackElo "1637"]
[PlyCount "109"]
[EventDate "2012.10.06"]
[EventType "swiss"]
[EventRounds "8"]
[EventCountry "ESP"]
[SourceTitle "EXT 2024"]
[Source "ChessBase"]
[SourceDate "2023.10.10"]
[SourceVersion "1"]
[SourceVersionDate "2023.10.10"]
[SourceQuality "1"]

1. Nf3 Nf6 2. d4 d5 3. g3 g6 4. Bg2 Bg7 5. Nbd2 0-0 6. 0-0 Nc6 7. c3 Re8 8. Re1 e5 9. dxe5 Nxe5 10. Nxe5 Rxe5 11. Nf3 Re8 12. Bg5 h6 13. Bd2 Ne4 14. Qc1 Nxd2 15. Qxd2 c6 16. e3 Bg4 17. Rad1 Qf6 18. Qe2 h5 19. h3 Bxf3 20. Qxf3 Qxf3 21. Bxf3 Re7 22. Re2 Rae8 23. Kf1 Bf6 24. Rd3 Re5 25. Red2 Rf5 26. Kg2 Kg7 27. g4 hxg4 28. hxg4 Rg5 29. Be2 Rge5 30. Rd1 R5e6 31. Rh1 Rh8 32. Rdd1 Rxh1 33. Rxh1 d4 34. cxd4 Bxd4 35. Rb1 Be5 36. Kf1 Rd6 37. Ke1 a6 38. Bf1 Rd5 39. f4 Bd6 40. Ke2 Bc5 41. Bg2 Rd6 42. Bf3 Bb4 43. Rd1 Kf8 44. a3 Rxd1 45. Kxd1 Bc5 46. Ke2 a5 47. a4 Ke7 48. Kd3 Kd6 49. e4 f6 50. f5 g5 51. Kc4 Bb4 52. Be2 Ke5 53. Kd3 Bc5 54. Bd1 b5 55. b3 1/2-1/2

[Event "Mollet del Valles op 2nd"]
[Site "Mollet del Valles"]
[Date "2011.06.18"]
[Round "8"]
[White "Vigier Lopez, Carlos"]
[Black "Mostazo Torrubia, Rafael"]
[Result "1-0"]
[WhiteElo "1709"]
[BlackElo "1533"]
[PlyCount "69"]
[EventDate "2011.04.30"]
[EventType "swiss"]
[EventRounds "8"]
[EventCountry "ESP"]
[SourceTitle "EXT 2024"]
[Source "ChessBase"]
[SourceDate "2023.10.10"]
[SourceVersion "1"]
[SourceVersionDate "2023.10.10"]
[SourceQuality "1"]

1. e4 e6 2. d3 Nc6 3. Nf3 d5 4. Nbd2 Nge7 5. g3 Ng6 6. Bg2 Be7 7. 0-0 0-0 8. Re1 d4 9. e5 Na5 10. h4 Re8 11. Nf1 h6 12. N1h2 f5 13. Bd2 c5 14. Qc1 Kh7 15. h5 Nh8 16. Kh1 Nf7 17. Rg1 Bd7 18. Qe1 Nc6 19. g4 Ng5 20. Nxg5+ Bxg5 21. f4 Bh4 22. Qe2 Qe7 23. Bh3 Rf8 24. Nf3 Rae8 25. g5 hxg5 26. fxg5 Bxg5 27. Rxg5 Nd8 28. Rag1 Rg8 29. Rg6 Bc6 30. Kh2 Bxf3 31. Qxf3 Nc6 32. Qg3 Qf7 33. h6 Qf8 34. hxg7 Rxg7 35. Rxg7+ 1-0